000 00304nam a22001337a 4500
008 171030b xxu||||| |||| 00| 0 eng d
020 _a9780030205897
041 _aeng
080 _a338.5
100 _a57
101 _aQMI
245 _aPRICE THEORY AND APPLICATIONS
_cSTEVEN.E.L
942 _2udc
_cBK
999 _c36461
_d36461